000 00435nam a2200157 i 4500
001 34356
003 ES-MaACL
005 20230906154923.0
007 t|
008 030204q19001999it ||||1| ita d
100 1 _aBlasi, Ferruccio.
_929409
245 1 0 _aIntorno alla poesia di Guittone d'Arezzo /
_cFerruccio Blasi.
260 _aTorino :
_b[s.n.,
_c19??] (
_fConoivusm)
300 _a14 h. ;
_c24 cm.
852 _aES-MaACL
_j1782-F-20
999 _c34356
_d34356